Animals by Picture - Statistics

General Stats
  • This quiz has been taken 42 times
    23 since last reset
  • The average score is 12 of 16
Answer Stats
Picture Answer % Correct
Chicken
87%
Eagle
87%
Kangaroo
87%
Lion
87%
Tyrannosaurus Rex
87%
Chimpanzee
80%
Cow
80%
Dragon
80%
Gorilla
80%
Zebra
80%
Bee
73%
Goblin
60%
Loch Ness Monster
60%
Pig
53%
Sasquatch
47%
Cobra Tate
40%
No matching quizzes found
Score Distribution
Percent of People with Each Score
Percentile by Number Answered
Your Score History
You have not taken this quiz since the last reset